Mastering customer relations /

Đã lưu trong:
Chi tiết về thư mục
Tác giả chính: Cartwright, Roger.
Định dạng: Sách
Ngôn ngữ:English
Được phát hành: Basingstoke : Macmillan, 2000.
Những chủ đề:
Các nhãn: Thêm thẻ
Không có thẻ, Là người đầu tiên thẻ bản ghi này!
Thư viện lưu trữ: Mạng thư viện Đại học Đà Nẵng
LEADER 00763cam a2200313 i 4500
001 000046388
003 5851
005 20030313091535.0
008 010220|2000 vm 000 eng
020 |a 0333801598 (pbk.) 
040 |a IRC  |c IRC  |d IRC 
041 0 |a eng 
082 1 4 |a 658.812  |b CA-R 
100 1 |a Cartwright, Roger. 
245 0 0 |a Mastering customer relations /  |c Roger Cartwright. 
260 |a Basingstoke :  |b Macmillan,  |c 2000. 
300 |a 238p. 
630 0 4 |a Customers. 
650 0 4 |a Customer relations. 
OWN |a DUT 
999 |a From the UDN01 
TYP |a Monograph 
TYP |a Printed language 
980 |a Mạng thư viện Đại học Đà Nẵng